000
00248nam a22001097a 4500
008
170113b xxu||||| |||| 00| 0 eng d
020
_a
0130325228
041
_a
eng
080
_a
618.2
245
_a
FROM NOVICE TO EXPERT
_c
BENNER, P
942
_2
udc
_c
BK
999
_c
2862
_d
2862